[Event "RUS-chT 21st"]
[Site "Loo"]
[Date "2014.04.13"]
[Round "7.3"]
[White "Grishchenko, Sergey"]
[Black "Jobava, Baadur"]
[Result "1-0"]
[WhiteElo "2436"]
[BlackElo "2706"]
[Annotator "CB"]
[PlyCount "81"]
[EventDate "2014.04.07"]
[EventType "team-swiss"]
[EventRounds "7"]
[EventCountry "RUS"]
[SourceTitle "CBM 160"]
[Source "ChessBase"]
[SourceDate "2014.05.15"]
[SourceVersion "1"]
[SourceVersionDate "2014.05.15"]
[SourceQuality "1"]
[WhiteTeam "Desnogorsk"]
[BlackTeam "Belorechensk"]
[WhiteTeamCountry "RUS"]
[BlackTeamCountry "RUS"]

1. d4 Nf6 2. c4 e5 3. dxe5 Ng4 4. Bf4 {Die prinzipiellste Fortsetzung.} ({
Die Alternative ist} 4. Nf3 Bc5 5. e3 Nc6 6. Be2 Ngxe5 7. O-O O-O 8. Nxe5 Nxe5
9. Nc3 a5 {z.B.:} 10. Na4 Ba7 11. b3 d6 12. Bb2 Bd7 13. Nc3 Re8 14. Kh1 Re6 15.
f4 Nc6 16. Nd5 Ne7 17. f5 Re4 18. Qd3 Nxd5 19. Qxe4 Nxe3 20. Rf3 Bc6 21. Qf4
Bxf3 22. Bxf3 Qd7 23. f6 Qf5 24. Qxf5 Nxf5 25. Re1 c6 26. fxg7 Bd4 27. Bxd4
Nxd4 28. Re7 a4 29. Kg1 axb3 30. axb3 Ra1+ 31. Kf2 Ra2+ 32. Kg1 Nxf3+ 33. gxf3
b5 34. cxb5 cxb5 35. Rb7 Kxg7 36. Rxb5 Kf6 37. Rh5 Rb2 38. Rxh7 d5 39. Kf1 d4
40. Rh5 Ke6 41. Rb5 Rxh2 42. Ke1 f5 43. b4 Rb2 44. f4 d3 45. Re5+ Kf6 46. b5
Kg6 {1/2-1/2 (46) Postny,E (2631)-Naiditsch,A (2724) Germany 2014}) 4... g5 (
4... Nc6 5. Nf3 Bc5 6. e3 Qe7 7. Nc3 {mit sehr viel besseren Ergebnissen für
Weiß als nach 4.Sf3.}) 5. Bg3 Bg7 6. Nf3 Nc6 7. h4 ({Weniger energisch ist} 7.
Nc3 Ngxe5 8. Nxe5 Nxe5 9. e3 d6 10. Be2 Be6 11. Rc1 O-O 12. b3 f5 13. f4 Ng4
14. Bxg4 fxg4 15. O-O h5 16. fxg5 Qxg5 17. Bf4 Qg6 18. Nd5 Rf7 19. Qd2 h4 20.
c5 c6 21. Nb4 d5 22. Nc2 Bf5 23. Nd4 Be4 24. Bd6 Re8 25. Rxf7 Qxf7 26. Rf1 Qg6
27. Qd1 h3 28. Rf4 Bh6 29. g3 Bxf4 30. Bxf4 Bf3 31. Nxf3 gxf3 32. Qxf3 Qb1+ 33.
Qf1 Qxf1+ 34. Kxf1 Kf7 35. Kf2 Kg6 36. g4 Re4 37. Kg3 a5 38. Kxh3 d4 39. Bg3 d3
{0-1 (39) Edouard,R (2565)-Gharamian,T (2585) Paris 2009}) 7... Ngxe5 8. hxg5 (
8. Nxe5 Nxe5 9. Nc3 g4 10. e3 d6 11. Be2 Be6 12. Rc1 O-O 13. b3 c6 14. h5 f5
15. h6 Bf6 16. Qd2 Qe7 17. f4 gxf3 18. gxf3 Kh8 19. f4 Rad8 20. Qc2 Ng4 21.
Bxg4 Rg8 22. Ne2 Rxg4 23. Kf2 d5 24. Rcd1 Re8 25. c5 Bf7 26. Qc1 Qe4 27. Nd4 {
0-1 (27) Wojtaszek,R (2711)-Jobava,B (2710) Wijk aan Zee 2014}) 8... Nxc4 (8...
Nxf3+ 9. gxf3 Bxb2 10. Nd2 d6 ({Zu gierig ist} 10... Bxa1 11. Qxa1 f6 12. Ne4
$18) 11. Rb1 Bg7 12. f4 h6 13. gxh6 Rxh6 14. Rxh6 Bxh6 15. Bg2 Kf8 16. e3 Bg7
17. Qh5 Qe8 18. Kf1 b6 19. Rb5 Bd7 20. Ne4 f6 21. Qh1 Rc8 22. Nd2 Ne7 23. Rh5
Be6 24. Be4 Qa4 25. Kg2 Qxa2 26. Qc1 Bf7 27. Bb1 Qa6 28. Rh7 Qb7+ 29. Kh2 Bg8
30. Rh4 Rd8 31. e4 c5 32. Nf1 a6 33. Ne3 b5 34. cxb5 axb5 35. e5 c4 36. Qd1 Qd7
37. exf6 Bxf6 38. Rh6 Bg7 39. Qh5 Qe8 40. Qh4 Bf7 41. f5 Be5 42. Bxe5 dxe5 43.
f6 Ng8 44. Rh8 Qc6 45. Qg5 {1-0 (45) L'Ami,E (2634)-Tratar,M (2498) Legnica
2013}) 9. Nc3 Nxb2 (9... d5 10. Rc1 Be6 11. b3 N4e5 12. Nxe5 Nxe5 13. e4 d4 14.
Na4 Qe7 15. Nc5 Bg4 16. Qd2 c6 17. f4 Nd7 18. Nxb7 Qxe4+ 19. Kf2 Kf8 20. Bd3
Qe7 21. Rhe1 Ne5 22. Na5 Nxd3+ 23. Qxd3 Qd7 24. Nxc6 h6 25. Ne5 Bxe5 26. Rxe5
hxg5 27. fxg5 Rd8 28. Kg1 Bh5 29. Rf1 Kg8 30. Rf6 Rh7 31. Rc5 Qe7 32. Re5 Qd7
33. Re1 Qd5 34. Be5 Re8 35. Qxh7+ {1-0 (35) Kuljasevic,D (2544)-Ramirez
Alvarez,A (2547) South Padre Island 2009}) 10. Qb3 Na4 {Mit diesem Trick
entkommt der Springer. Schwarz hat einen Bauern gewonnen, ist aber in der
Entwicklung zurück.} 11. Nd5 d6 12. g6 $1 Be6 (12... hxg6 13. Rxh8+ Bxh8 14.
Bh4 {mit der Idee} Qd7 15. Bf6 $18) (12... fxg6 13. Qxa4 Bxa1 14. Bh4 Qd7 15.
Bf6 $18) (12... Bxa1 13. Bh4 f6 14. Nxf6+ Bxf6 15. Qf7#) 13. Bh4 Qd7 14. Bf6
fxg6 15. Nxc7+ Qxc7 16. Qxe6+ Kf8 17. Rd1 Nb4 ({Solider war} 17... Nc5 18.
Qxd6+ Qxd6 19. Rxd6 Bxf6 20. Rxf6+ Kg7 21. Rf4 Raf8 $11) 18. Rh4 (18. e3 $5
Nc2+ (18... Nc5 $5) 19. Ke2 Re8 20. Qxd6+ Qxd6 21. Rxd6 Nc5 22. Ng5 $11) 18...
Nc2+ 19. Kd2 Re8 ({Interessant war} 19... Nd4 $5 20. Bxd4 Bxd4 21. Rc1 (21.
Rxd4 Qc3#) 21... Nc5 22. Rf4+ Kg7 23. Qd5 Bf6 $13) 20. Bxg7+ Kxg7 21. Qb3 Qa5+
22. Kxc2 Rc8+ 23. Kb1 Nc3+ 24. Kb2 Nxd1+ 25. Qxd1 Qb6+ 26. Ka1 (26. Qb3 $11)
26... Qxf2 27. Rb4 Rc7 (27... Qe3 $5 28. Rxb7+ Kh6 29. Qd2 Rc1+ 30. Rb1 Qxd2
31. Nxd2 Rxb1+ 32. Kxb1 Kg5 $15) 28. Qxd6 Rhc8 (28... Qxf1+ 29. Rb1 Rc1 30.
Qe5+ Kg8 31. Qe8+ $11) 29. Qe5+ Kg8 30. Qe6+ Kh8 31. Qe5+ Rg7 {Schwarz spielt
auf Gewinn.} 32. Rb1 {Auch eine Seltenheit, dass ein Läufer auf f1 im 32.Zug
auf diese Weise gedeckt werden muss.} h6 33. Nd4 Kh7 34. g3 (34. e3 {hätte
den kommenden Trick vermieden.}) 34... Re8 35. Ne6 (35. Qxe8 $2 Qxd4+ 36. Rb2
Rc7 $19) 35... Rf7 {droht Txe6, Dd4 und Txf1.} (35... Rxe6 36. Qxe6 Qd4+ 37.
Rb2 Qd1+ $11 {macht Remis, aber das will Schwarz ja nicht.}) 36. Bh3 Kg8 37.
Rd1 (37. Rf1 Qxf1+ 38. Bxf1 Rxf1+ 39. Kb2 Kf7 40. Nd8+ Rxd8 41. Qc7+ Ke8 42.
Qxb7 $11) 37... h5 $2 {Eine entscheidende Unvorsichtigkeit. Es folgt} 38. Rf1
Qxf1+ 39. Bxf1 Rxf1+ 40. Kb2 Rf7 (40... Kf7 {geht nun nicht mehr, weil Feld g5
für den Springer frei geworden ist.} 41. Ng5+ Kf8 42. Qd6+ Kg7 43. Qd7+ Kf8
44. Nh7+ Kg8 45. Qxe8+ $18) 41. Qd5 1-0

[Event "EU-ch 12th"]
[Site "Aix les Bains"]
[Date "2011.03.26"]
[Round "5"]
[White "Potkin, Vladimir"]
[Black "Savchenko, Boris"]
[Result "1-0"]
[WhiteElo "2653"]
[BlackElo "2616"]
[Annotator "Cebalo,M/Primel,D"]
[PlyCount "47"]
[EventDate "2011.03.22"]
[EventType "swiss"]
[EventRounds "11"]
[EventCountry "FRA"]
[SourceTitle "CBM 142 Extra"]
[Source "ChessBase"]
[SourceDate "2011.06.27"]
[SourceVersion "1"]
[SourceVersionDate "2011.06.27"]
[SourceQuality "1"]
[TimeControl "40/5400+30:1800+30"]

1. d4 Nf6 2. c4 e5 3. dxe5 Ng4 4. Bf4 Nc6 5. Nf3 Bb4+ 6. Nbd2 (6. Nc3 Bxc3+ 7.
bxc3 Qe7 8. Qd5 f6 9. exf6 Nxf6 10. Qd3 d6 11. e3 O-O 12. Be2 Ne4 $44) 6... Qe7
7. e3 Ngxe5 8. Nxe5 Nxe5 9. Be2 b6 (9... O-O {La grande ligne} 10. O-O d6 11.
Nb3 $14) 10. O-O Bb7 (10... Bxd2 {L'alternative} 11. Qxd2 Bb7 12. Rac1 d6 13.
b4 O-O 14. c5 dxc5 15. bxc5 Rad8 16. Qc3 $14 {[%emt 0:33:13] Alterman,B (2585)
-Blatny,P (2510) /Pardubice (2)/1/2-1/2}) 11. Nf3 (11. Nb3 $5 O-O 12. a3 $14)
11... Bxf3 (11... f6 $5 12. Nxe5 fxe5 13. Bf3 exf4 14. Bxb7 fxe3 15. fxe3 (15.
Bxa8 e2) 15... Rb8 (15... Qxe3+) 16. Bf3) 12. Bxf3 Rd8 (12... Nxf3+ 13. Qxf3
O-O 14. Qb7) (12... c6 $142 13. Be2 O-O 14. a3 Bd6 15. Qc2 Bc7 16. Rad1) 13.
Be2 {[%csl Ge2,Gf4]} Bd6 $6 {[%csl Rd6,Rd8] Une nouveauté qui ne fait pas très
bonne impression et ce coup est très laid} (13... O-O {[%emt 0:33:07] Schoen,W
(2440)-Motwani,P (2425)/Netanya op (10)/1/2-1/2}) 14. Qc2 {[%cal Ga1d1]} h5 {
Optimiste} (14... O-O 15. Rad1 Rfe8 (15... a5)) 15. Rad1 $14 {Une des deux
feuilles mentionne le signe = après Rad1 mais il est difficile de dire s'il
s'agit d'une proposition de nulle (=) ou d'une simple appréciation а
postériori de la position.} c6 $6 {Cebalo,M: While White is playing normal,
logical chess, Black jumps from one plan to another. The logical continuation
of his previous move would have been 15...g5 but after 16.Bxe5 Qxe5 17.g3 h4
18.Rd5 Qg7 19.Bg4 White would be still better.} (15... h4 16. Rd4 (16. h3 O-O {
[%csl Rd6,Rd8]}) 16... h3) (15... g5 $5 {Arsovic inf 111}) 16. Rd4 {[%csl Rd6]
[%cal Gf1d1]} Bc7 17. h4 g6 18. Bg5 $40 f6 19. f4 $18 fxg5 20. fxe5 Qg7 21. Rf6
Bxe5 22. Rxg6 Qe7 23. Bxh5 Bh2+ 24. Kh1 1-0

[Event "Candidates sf1"]
[Site "Linares"]
[Date "1992.??.??"]
[Round "1"]
[White "Karpov, Anatoly"]
[Black "Short, Nigel D"]
[Result "1-0"]
[WhiteElo "2725"]
[BlackElo "2685"]
[Annotator "Chandler,M"]
[PlyCount "85"]
[EventDate "1992.04.??"]
[EventType "match"]
[EventRounds "10"]
[EventCountry "ESP"]
[SourceTitle "Candidates"]
[Source "ChessBase"]
[SourceDate "1999.07.01"]
[SourceVersion "2"]
[SourceVersionDate "1999.07.01"]
[SourceQuality "1"]

1. d4 {Schussler Hansen,Cu Ftacnik} Nf6 2. c4 e5 {A few years ago this
swashbuckling gambit might have been a good surprise weapon.Nowadays Anatoly
is less suspected in unusual variations, and Short is quickly pushed on the
defensive.} 3. dxe5 Ng4 4. Bf4 Nc6 (4... Bb4+ $5 {Schussler} 5. Nd2 d6 $5 6.
exd6 Qf6 7. e3 Nxf2 $1 8. Kxf2 g5 9. Ngf3 $5 (9. Ne4 Qxb2+ 10. Ne2 gxf4 11. Qd4
fxe3+ 12. Kxe3 Qxd4+ 13. Nxd4 Bxd6 14. Nxd6+ cxd6 15. Nb5 $14 {Nickl,K-Prins,J/
corr/1986/ -> Schippel:Budapester Gambit}) 9... gxf4 10. Ne4 Qxb2+ 11. Be2
fxe3+ 12. Kxe3 Qa3+ 13. Kf2 Bc5+ 14. Kf1 cxd6 15. Nf6+ Kf8 16. Nd5 $36) 5. Nf3
Bb4+ 6. Nbd2 (6. Nc3 {Schussler} Qe7 (6... Bxc3+ 7. bxc3 Qe7 8. Qd5 Qa3 $6 {
8. - f6} 9. Rc1 f6 10. exf6 Nxf6 11. Qd3 {11.Qd2 +/=} O-O 12. g3 d6 13. Bg2
Qxa2 14. c5 dxc5 15. Bxc7 Re8 $13 {Yakovich,Y-Coret Frasquet,J, Sevilla 1992
CBM 29 game 933}) 7. Qd5 f6 8. exf6 Nxf6 (8... Bxc3+ $1 9. bxc3 Nxf6 10. Qd3 d6
$13) 9. Qd3 O-O 10. Bd2 Ne5 11. Nxe5 Qxe5 12. g3 Bc5 13. Bf4 Qe6 14. Bg2 c6 15.
O-O $18 {Petkovsek,G-Pinter,A, Bled op 1992 CBM 29 game 235.}) 6... Qe7 7. e3 (
7. a3 {Schussler} Ngxe5 8. Nxe5 Nxe5 9. Bxe5 $6 {9.e3} Bxd2+ 10. Qxd2 Qxe5 11.
e3 d6 $10 {Hrelja,B-Babic,M, Bled op 1992 CBM 29 game 88}) 7... Ngxe5 8. Nxe5
Nxe5 9. Be2 O-O (9... b6 10. O-O Bxd2 11. Qxd2 Bb7 (11... d6 12. e4 $1 Bb7 13.
f3 O-O 14. Bg3 f5 15. exf5 Rxf5 16. f4 Nc6 17. Rae1 $16 {Fedorowicz,J-Shain,R/
New York op/1991/1-0/33/}) 12. c5 $1 bxc5 13. Qa5 d6 14. Bxe5 dxe5 15. Rfc1 $16
{Solozhenkin,E-Stiazhkin,V/Leningrad/1990/1-0/34/ Schippel:Budapester Gambit})
(9... d6 10. O-O Bd7 11. a3 (11. Nb3 Ba4) 11... Bxd2 12. Qxd2 f6 13. b4 Rd8 14.
Bh5+ Nf7 15. c5 $1 Bb5 16. Rfd1 d5 17. e4 $5 (17. a4 $5) 17... Ba4 18. exd5 $14
{Ivanchuk,V-Epishin,V/Terassa/1991/1/2-1/2/47/}) (9... Bxd2+ {Schussler} 10.
Qxd2 d6 11. O-O Bd7 12. Rac1 Bc6 13. b4 O-O 14. c5 $14 {Brglez,R-Mlacnik,F,
Bled op 1992 CBM 29 game 27}) 10. O-O d6 (10... Bxd2 11. Qxd2 d6 12. Bg3 $1 {
/\ f4+e4} (12. Rfd1 $1 {Schussler} b6 13. b4 Bb7 14. c5 $1 dxc5 15. bxc5 Ng6 (
15... bxc5 $2 16. Qb2) (15... Qxc5 16. Rac1) 16. Qd7 $1 Qxd7 17. Rxd7 Nxf4 18.
exf4 Rac8 19. cxb6 $1 $146 (19. Bc4 Bc6 $1 20. Re7 b5 21. Bb3 a5 $10 {Garcia
Palermo,C-Rogers,I/Reggio/1984/0-1/38/ -> Schippel:Budapester Gambit.}) 19...
axb6 20. Rc1 Ra8 21. Bc4 $16 {Rogers,I-Dreyer,M/Auckland/1992/1-0/33/ -> SM64,
S.240}) 12... b6 13. f4 Nd7 14. Bf3 Rb8 15. Rae1 Bb7 16. Bxb7 Rxb7 17. e4 $16 {
Pieterse,G-Quist,J/Dieren op/1989/1-0/45/ Schippel:Budapester Gambit.}) (10...
Ng6 $5 {Schussler} 11. Bg3 Bd6 $1 12. Bxd6 Qxd6 13. Qc2 Qe5 14. Nf3 Qe7 15. c5
d6 16. cxd6 Qxd6 17. Rac1 c6 $10 {Adla,A-Gomez Baillo,J/Buenos Aires/1990/1/
2-1/2/47/ -> Schippel:Budapester Gambit}) (10... a5 $146 {Schussler} 11. Nf3 $6
(11. Nb1 $1 d6 12. a3 Bc5 13. Nc3 c6 14. Ne4 $14) 11... d6 12. Qd5 Ng6 13. Bg3
a4 $1 14. Rac1 $6 a3 15. b3 c6 16. Qd4 f5 $1 {/\ f5-f4 Sarfati,J-Levi,E/
Auckland/1992/0-1/}) 11. Nb3 b6 {! aproximately equal Schüssler/Wedberg} 12. a3
$1 $146 (12. Nd4 Bc5 13. a3 a5 14. b3 Bb7 15. Qd2 Ng6 (15... f5 {Hansen,Cu} 16.
b4 Bxd4 17. exd4 Ng6 18. Bg5 Qf7 $132 {Reefschlaeger-Kebbekus Bundesliga
1987-88}) 16. Bg3 d5 $10 {Bellon Lopez,JM-Illescas Cordoba,M/Alicante/1989/1/
2-1/2/49/ Schippel:Budapester Gambit.} (16... d5 {Ftacnik} 17. Bf3 Rad8 $10 {
Bellon-Illescas/Alicante op/1989/})) 12... Bc5 13. Nxc5 $1 bxc5 (13... dxc5 $2
{Schussler} 14. Qd5 Ng6 15. Qxa8 Nxf4 16. Qf3 $18) 14. b4 Nd7 (14... cxb4 {
Ftacnik} 15. axb4 Bb7 16. Qd4 $16) 15. Bg4 $1 $16 {White is much better. If ...
cxb4 the open position favours the Karpov bishops; if Black doesn't exchange
he will be saddled with doubled c-pawns.} a5 (15... Nb6 {Ftacnik} 16. Bxc8
Raxc8 17. Qd3 Qe6 18. Rfc1 $16) (15... Bb7 $5 $14 {Schussler} 16. Bxd7 Qxd7 17.
bxc5 Qc6 18. Qf3 $1 $14) 16. Bxd7 (16. b5 {Ftacnik} Nb6 $10) 16... Bxd7 17.
bxc5 dxc5 18. Qd5 (18. Bxc7 {Schussler} Bc6 19. Bd6 Qe4) 18... Ra6 (18... c6 {
Ftacnik} 19. Qd6 Qxd6 20. Bxd6 Rfe8 21. Bxc5 $16) (18... Be6 {Hansen,Cu} 19.
Qe5 $14) 19. Qe5 (19. Bxc7 {Ftacnik} Be6 20. Qb7 Bxc4) 19... Re6 {Preferring
to give up a pawn rather than go horribly passive. Black can still hope for
drwing chances due tothe presence of opposite coloured bishops. There are also
distant chances of kingside attack, if the queen goes pawn grabbing..} (19...
Qxe5 20. Bxe5 Rc6 (20... Rc8 {Ftacnik} 21. Rfd1 Be6 22. Rac1 $14) (20... Be6 {
Schussler} 21. Rfc1 $16)) 20. Qxc7 Rc8 21. Qb7 (21. Qxa5 {Ftacnik} Bc6 $132)
21... Qe8 22. Rab1 h5 (22... Bc6 {Ftacnik} 23. Qxc8 Qxc8 24. Rb8 Qxb8 25. Bxb8
$16) 23. f3 Bc6 24. Qb2 h4 (24... f6 {Ftacnik} 25. e4 $16) 25. h3 f5 {Prevents
White blockading the a8-h1 long white diagonal with the push to e4. Short now
begins a tremendous fightback thatvery nearly results in dangerous counterplay.
} 26. Qc2 Qg6 27. Qc3 a4 28. Rf2 Rce8 29. Rd1 Qh5 30. Qc2 Qg6 (30... g5 $2 {
Ftacnik} 31. Qxf5) 31. Kh1 Qf6 32. Qb2 Qe7 (32... Qxb2 {Ftacnik} 33. Rxb2 $16)
33. Rfd2 g5 $5 34. Bd6 Qf7 35. Bxc5 g4 $1 36. fxg4 fxg4 37. Rf2 Qh5 $5 {
Black threatens both 38...Qxc5 and 38...gxh3. It is hard to believe, that
Karpov arrived in these complications willingly, but Short's exposed king
position allows for a tactical solution for the problem.} (37... Qg6 38. Rdf1 {
/\ Rf8+} (38. Rdf1 {Ftacnik} gxh3 39. Rf8+ $18)) 38. Qe2 $1 {Pinning the
g-pawn, while 37...Qc5 38.Qxg4+ gives a winning attack.} Rg6 (38... Qxc5 39.
Qxg4+ $18 (39. Qxg4+ {Ftacnik} Kh8 40. Rf5 (40. Rf7 {Schussler} Bxg2+ 41. Qxg2
Rg8 {41. - Dc6 42.Td5 + -} 42. Qb2+ {42.Td8! + -} Qe5 43. Rd5 Rg1+ 44. Kxg1
Rg6+ $13) 40... Re5 41. Qxh4+ Kg8 42. Qg5+ Kh8 43. Qh5+ Kg8 44. Qf7+ Kh8 45.
Rd4 $1 $18)) 39. Rd6 $1 Re4 $2 (39... Rxd6 {Ftacnik} 40. Bxd6 Re4 41. Rf8+ Kh7
42. Qb2 $18) 40. Rd8+ (40. Rf8+ $5 {Schussler} Kh7 41. Qb2) 40... Kh7 (40...
Re8 {Schussler} 41. Rxe8+ Bxe8 42. Rf8+ Kh7 43. Bd4 Rg8 44. hxg4 $18) 41. Rf7+
Rg7 42. Rxg7+ Kxg7 43. Qb2+ 1-0

[Event "BUL-chT"]
[Site "Bankia"]
[Date "1991.??.??"]
[Round "7"]
[White "Georgiev, Kiril"]
[Black "Manolov, Ivan"]
[Result "1-0"]
[WhiteElo "2585"]
[BlackElo "2380"]
[Annotator "ChessBase"]
[PlyCount "163"]
[EventDate "1991.??.??"]
[EventType "team"]
[EventRounds "8"]
[EventCountry "BUL"]
[SourceTitle "EXT 1998"]
[Source "ChessBase"]
[SourceDate "1997.11.17"]
[SourceVersion "1"]
[SourceVersionDate "1997.11.17"]
[SourceQuality "1"]

1. d4 Nf6 2. c4 e5 3. dxe5 Ng4 4. Nf3 Bc5 5. e3 Nc6 6. Be2 O-O 7. O-O Re8 8.
Nc3 Ngxe5 9. b3 Nxf3+ 10. Bxf3 Ne5 11. Bb2 Nxf3+ 12. Qxf3 Bf8 13. Rad1 d6 14.
c5 Re6 15. cxd6 cxd6 16. Rd4 Rf6 17. Qe4 Rg6 18. Ne2 Rb8 19. Nf4 Rh6 20. Rfd1
Bd7 21. h3 Bc6 22. Qf5 Bd7 23. Qd3 Qb6 24. Ba3 Bb5 25. Qd2 Rd8 26. Nd5 Qa6 27.
Bb4 Rg6 28. e4 Bc6 29. Nf4 Rh6 30. e5 Qb5 31. Bxd6 Bxd6 32. Rxd6 Rhxd6 33. exd6
Qe5 34. a4 a5 35. Nd5 Bxd5 36. Qxd5 Qxd5 37. Rxd5 Kf8 38. Rxa5 Rxd6 39. Rb5 b6
40. g4 h6 41. Kg2 Ke7 42. b4 Rc6 43. a5 bxa5 44. bxa5 Rc2 45. a6 Ra2 46. Rb6
Ra3 (46... f6 47. Rb7+ Kf8 48. a7) (46... g6 47. h4 (47. Kg3 Ra3+ 48. f3 Kf8
49. h4 Kg7 50. h5 gxh5 51. gxh5 Ra4 $11 {vazi!}) (47. Rb7+ Kf8 48. a7 Kg7 49.
h4 Kf6 50. Kg3 Ra3+ 51. Kf4 Ra2 52. Ke4 Kg7 53. f4 (53. h5 gxh5 54. gxh5 Kf6
55. Kd5 Kg5 56. Rxf7 Kxh5 57. f4 Kg4 58. f5 h5 59. f6 h4 60. Kc6 h3 61. Kb6 h2
62. Rh7 Kg3 63. Rxh2 Rxh2 64. a8=Q) 53... Ra4+ 54. Kd5 Kf6 55. Kc6 Ke6 56. Kb6
h5 57. gxh5 gxh5 58. Rb8 Kf5 59. Rf8 Kxf4 60. Rxf7+ Kg4) 47... Kf8) 47. f3 Ra2+
48. Kg3 Ra4 49. h4 Kd7 50. h5 Ke7 51. Kf2 Ra3 52. Ke2 Kd7 53. f4 Rg3 (53... Ke7
54. Kd2 Kd7 55. Rb7+ Ke6 56. a7 g6 57. g5 gxh5 58. gxh6 Kf6 59. Rb6+ Ke7 60. h7
) 54. a7 Ra3 55. Rb7+ Ke6 56. Kd2 Kf6 57. Kc2 g5 58. f5 Ke5 59. Rxf7 Kf4 60. f6
Ke5 61. Kb2 Ra5 62. Rh7 Kxf6 63. Rxh6+ Kg7 64. Rg6+ Kh7 65. Rxg5 Rxa7 66. Kc3
Rd7 67. Kc4 Rd1 68. Kc5 Kh6 69. Rg6+ Kh7 70. Kc4 Rd8 71. g5 Rd1 72. Re6 Rh1 73.
g6+ Kg7 74. Re7+ Kg8 75. Re5 Kg7 76. Kd5 Rh2 77. Ke6 Rh1 78. Rf5 Re1+ 79. Kd5
Rd1+ 80. Ke5 Rh1 81. Rf7+ Kg8 82. Ra7 1-0

[Event "BL2-West 9394"]
[Site "Germany"]
[Date "1994.??.??"]
[Round "?.1"]
[White "Dautov, Rustem"]
[Black "Van Wely, Loek"]
[Result "1/2-1/2"]
[WhiteElo "2625"]
[BlackElo "2570"]
[Annotator "Dautov,R"]
[PlyCount "45"]
[EventDate "1993.10.??"]
[EventType "team-tourn"]
[EventRounds "9"]
[EventCountry "GER"]
[SourceTitle "CBM 041"]
[Source "ChessBase"]
[SourceDate "1994.08.01"]
[SourceVersion "1"]
[SourceVersionDate "1994.08.01"]
[SourceQuality "1"]
[WhiteTeam "Gelsenkirchen"]
[BlackTeam "Porz II"]
[WhiteTeamCountry "GER"]
[BlackTeamCountry "GER"]

1. d4 Nf6 2. c4 e5 3. dxe5 Ng4 4. e4 Nxe5 5. f4 Nec6 6. a3 (6. Be3 $1 Bb4+ 7.
Nd2 $14 {>=}) 6... a5 (6... Bc5 $6 7. b4 $1 Bxg1 8. Rxg1 Qh4+ 9. g3 Qxh2 10.
Rg2 Qh6 11. Nc3 $16) 7. Be3 Na6 8. Nc3 (8. Qd5 b6 $1 {/\Bc5}) 8... Bc5 9. Qd2
d6 10. Bd3 (10. Nf3 $5 O-O 11. Be2 (11. Bd3 Bg4 12. O-O Bxf3 13. Rxf3 Nd4 14.
Bxd4 Bxd4+ 15. Kh1 Nc5 $10) 11... Re8 12. O-O f5 $1 (12... Bg4 13. h3 Bxf3 14.
Bxf3 Bxe3+ 15. Qxe3 $14 {()}) 13. Bd3 Bxe3+ 14. Qxe3 Nc5 15. Bc2 fxe4 16. Nxe4
Bf5 17. Nfd2 $10) 10... Qh4+ $1 (10... O-O 11. Nge2 Qh4+ 12. Ng3 $1 Bxe3 13.
Qxe3 Nc5 14. Bc2 $14) 11. g3 Qh5 12. Kf2 $5 (12. Be2 Bg4 $10) 12... O-O (12...
Nd4 $5 13. Be2 (13. Re1 Nb3 14. Qd1 Bxe3+ 15. Rxe3 Qxd1 16. Nxd1 Nac5 $10)
13... Nxe2 14. Ngxe2 O-O $10) 13. Nf3 (13. Nge2 Bg4 14. h3 Bxe2 15. Qxe2 Bxe3+
16. Qxe3 Qc5 $10) 13... Bg4 14. Be2 Rfe8 15. h3 Bxf3 16. Bxf3 Bxe3+ 17. Qxe3
Qc5 $10 18. Qxc5 Nxc5 19. Rad1 (19. Nd5 Na6 (19... Nxe4+ $2 20. Kg2 Rac8 21.
Bg4 $16) 20. b3 Nd4 21. Rab1 c6 22. Nb6 Rad8 $10) 19... a4 {/\Na5} 20. Nd5 Na6
(20... Nxe4+ $2 21. Kg2 $16) 21. Nc3 Nc5 (21... Na5 $2 22. Nxa4 Nxc4 23. e5
dxe5 24. Bxb7 Ra7 25. Bd5 $16) 22. Nd5 Na6 23. Nc3 1/2-1/2

[Event "Biel"]
[Site "Biel"]
[Date "1986.07.26"]
[Round "6"]
[White "Polugaevsky, Lev"]
[Black "Nunn, John DM"]
[Result "1-0"]
[WhiteElo "2575"]
[BlackElo "2590"]
[Annotator "Dolmatov,S"]
[PlyCount "97"]
[EventDate "1986.07.20"]
[EventType "tourn"]
[EventRounds "11"]
[EventCountry "SUI"]
[EventCategory "12"]
[SourceTitle "MCL"]
[Source "ChessBase"]
[SourceDate "1999.07.01"]
[SourceVersion "1"]
[SourceVersionDate "1999.07.01"]
[SourceQuality "1"]

1. d4 Nf6 2. c4 e5 3. dxe5 Ng4 4. Nf3 Nc6 (4... Bc5 5. e3 Nc6 6. Be2 Ncxe5 7.
Nxe5 Nxe5 8. O-O O-O 9. Nc3 a5 10. b3 d6 11. Bb2 $14) 5. Bg5 $5 Be7 6. Bxe7
Qxe7 7. Nc3 O-O 8. Nd5 Qd8 9. e3 Ngxe5 10. Nxe5 Nxe5 11. Be2 d6 12. O-O c6 13.
Nc3 Be6 14. b3 Qa5 (14... f5 15. Qd4 Qc7 16. Rad1 Nf7 $10) 15. Qd2 (15. Qd4 $5
Rad8 (15... f5 $2 16. Qxd6 $16) 16. f4 $16) 15... Rad8 16. f4 Bg4 $1 17. Bd1 (
17. fxe5 $2 Bxe2 18. Rfc1 Bg4 19. exd6 Qe5 $15) 17... Bxd1 18. Raxd1 Ng4 (18...
Nd7 19. Ne4 Qxd2 20. Rxd2 $16) 19. h3 Nh6 (19... Nf6 20. e4 $16 (20. Nd5 Qxd2
21. Nxf6+ gxf6 22. Rxd2 Rfe8 23. Kf2 Kf8 24. Rfd1 Ke7 $14)) 20. e4 f5 21. Rfe1
Rfe8 $14 22. Kh2 fxe4 23. Rxe4 Rxe4 24. Nxe4 Qh5 (24... Qxd2 25. Rxd2 Nf7 26.
g4 Kf8 27. Kg3 $14) 25. Ng5 Nf7 26. Nf3 d5 $6 (26... Qf5 27. Qe3 a6 $14) (26...
Re8 $6 27. Re1 $16) 27. Qe3 Qf5 (27... dxc4 28. Rxd8+ Nxd8 29. Qe7 $18) 28.
cxd5 cxd5 29. g4 Qc2+ (29... Qf6 30. Rxd5 $16) (29... Qd7 30. Qxa7 $16) 30. Rd2
Qc7 31. Rxd5 Rf8 32. Kg3 $18 Nd8 33. Qe5 Qc8 34. Qe7 Qc1 35. Rf5 Nf7 36. Qxb7
g6 37. Rf6 Qb2 38. Qe7 Qxa2 39. Qe6 Qa1 40. h4 Kg7 41. g5 a5 42. f5 gxf5 43. h5
Qc3 44. Rxf5 Qc7+ 45. Kh3 Qc3 46. h6+ Kg8 47. g6 hxg6 48. Qxg6+ Kh8 49. Rxf7
1-0